Emocionálny marketing

Enregistré dans:
Détails bibliographiques
Auteur principal: Naščáková, Jana
Autres auteurs: Tomčíková, Monika
Format: Chapitre de livre
Langue:slovaque
Sujets:
Tags: Ajouter un tag
Pas de tags, Soyez le premier à ajouter un tag!

MARC

LEADER 00000nla a2200000 4500
001 0215528
005 20240502073609.0
041 0 |a slo 
044 |a SK 
245 1 0 |a Emocionálny marketing  |c Jana Naščáková, Monika Tomčíková 
500 |a Abstrakt 
610 2 0 |a správanie spotrebiteľa 
610 2 0 |a emócie 
610 2 0 |a reklama 
610 2 0 |a marketing 
100 1 |a Naščáková, Jana 
700 1 |a Tomčíková, Monika